| 000 | 00407nam a22001457a 4500 | ||
|---|---|---|---|
| 005 | 20240320100632.0 | ||
| 008 | 240320b ||||| |||| 00| 0 eng d | ||
| 040 | _cAL | ||
| 041 | _aeng | ||
| 082 |
_223 _a679.7 _bBIDI |
||
| 245 | _aBidi Industry in General with Special Reference to Nazar Beedies | ||
| 260 |
_aMangalore _bSt Aloysius College _c1994 |
||
| 700 |
_aSHAMEER (K S) _9155570 |
||
| 942 |
_2ddc _cPRO |
||
| 999 |
_c230567 _d230567 |
||